Score 0/7 Timer 03:00
2 Plays Today
Question Answer Wrong Answers
The student-led, pro-democracy ______ protests are violently ended in Beijing by the People's Liberation Army. At least 241 people are killed.
1989
Tiananmen Square
88.4%
Shanghai
1.7%
Post-Mao
1.9%
Free Speech
3.5%
This American actress and filmmaker, the daughter of actor Jon Voight, is born.
1975
Angelina Jolie
84.1%
Jennifer Aniston
4%
Scarlett Johansson
4.4%
Jennifer Garner
3.5%
Soviet premier ______ sparks the Berlin Crisis by threatening to sign a peace treaty with East Germany, and thus ending the existing four-power agreement guaranteeing American, British, and French access West Berlin.
1961
Nikita Khrushchev
67%
Georgy Malenkov
2.9%
Leonid Brezhnev
11.5%
Joseph Stalin
16%
This city falls to the Allies, the first Axis capital to fall in World War II.
1944
Rome
64.1%
Tokyo
4.2%
Berlin
21.7%
Munich
8.5%
Captain George Vancouver claims this body of water for the Kingdom of Great Britain.
1792
Puget Sound
50.7%
Hudson Bay
36.1%
Lake Superior
10.3%
Gulf of California
2.8%
The US Congress approves the ______ Amendment to the United States Constitution, which guarantees suffrage to women.
1919
19th
48.4%
20th
12.3%
21st
18.9%
18th
19.8%
This Polynesian nation, whose capital city is Nukuʻalofa, gains independence from the United Kingdom.
1970
Tonga
43.8%
Papua New Guinea
23.4%
Vanuatu
19.3%
Kiribati
9.9%
Remove Ads.
Support Sporcle.
Get the best of Sporcle when you Go Orange. This ad-free experience offers more features, more stats, and more fun while also helping to support Sporcle. Thank you for becoming a member.

You're not logged in!

Compare scores with friends on all Sporcle quizzes.
OR
Log In

Show Comments

Extras

Top Quizzes Today


Score Distribution

Your Account Isn't Verified!

In order to create a playlist on Sporcle, you need to verify the email address you used during registration. Go to your Sporcle Settings to finish the process.

Report this User

Report this user for behavior that violates our Community Guidelines.

Details: